000 00561nam a2200253Ia 4500
008 161109s9999||||xx |||||||||||||| ||und||
040 _cGujrati
082 _aX.B
082 _bBORI-37775
245 _aSamadhi Vichar
260 _aMahesana
260 _bShree Jain Shreyaskar Mandal
260 _c1914
300 _a83
300 _cE
300 _ePaperback
530 _u000037775.pdf
563 _aText
630 _aSamadhi Vichar
650 _aBuddhism & Jainism
650 _aJainism
730 _aSamadhi Vichar
942 _cBOOK
999 _c1405743
_d1405740